| Tag |
First Indicator |
Second Indicator |
Subfields |
| LEADER |
00000cam a2200000 4500 |
| 001 |
in00000065688 |
| 005 |
20151008050727.0 |
| 008 |
780421s1958 enk 00000 eng |
| 010 |
|
|
|a 59000188
|
| 035 |
|
|
|a (OCoLC)03818244
|
| 035 |
|
|
|9 AAG2935AM
|
| 040 |
|
|
|a DLC
|c EYR
|d TXA
|d UtOrBLW
|
| 043 |
|
|
|a e-uk---
|a e-ur---
|
| 049 |
|
|
|a TXAM
|c [305741]
|
| 050 |
0 |
0 |
|a DA47.65
|b .A77
|
| 082 |
0 |
|
|a 327.420947
|
| 092 |
|
|
|a 327.42
|b A548b
|
| 100 |
1 |
|
|a Anderson, M. S.
|q (Matthew Smith)
|
| 245 |
1 |
0 |
|a Britain's discovery of Russia, 1553-1815.
|
| 264 |
|
1 |
|a London :
|b Macmillan;
|a New York :
|b St Martin's Press,
|c 1958.
|
| 300 |
|
|
|a 245 pages ;
|c 23 cm.
|
| 336 |
|
|
|a text
|b txt
|2 rdacontent
|
| 337 |
|
|
|a unmediated
|b n
|2 rdamedia
|
| 338 |
|
|
|a volume
|b nc
|2 rdacarrier
|
| 651 |
|
0 |
|a Great Britain
|x Foreign relations
|z Soviet Union.
|
| 651 |
|
0 |
|a Soviet Union
|x Foreign relations
|z Great Britain.
|
| 999 |
|
|
|a MARS
|
| 999 |
f |
f |
|s 56c82c50-5509-35aa-a35b-7bd6eea146f4
|i ea8bf911-8dff-3bfe-9e95-2bfc7e57f541
|t 0
|
| 952 |
f |
f |
|p normal
|a Texas A&M University
|b College Station
|c Sterling C. Evans Library
|d Evans: Library Stacks
|t 0
|e DA47.65 .A77
|h Library of Congress classification
|i unmediated -- volume
|m A14800674335
|
| 998 |
f |
f |
|a DA47.65 .A77
|t 0
|l Evans: Library Stacks
|